000 00609nam a2200193 i 4500
001 128249
003 ES-MaACL
005 20230906193218.0
007 t|
008 070626s1935 sp f |||| | spa d
080 _a622.323:83-4
100 1 _aZischka, Anton.
_9118301
245 1 3 _aLa guerra secreta por el petróleo /
_cAnton E. Zischka ; traducido por J.A. Álvarez Alonso.
260 _aMadrid :
_bNuevas Gráficas,
_c1935.
300 _a225 p., [20] p. de lám. ;
_c25 cm.
650 0 4 _aIndustria petrolífera.
_913731
700 1 _aAlvarez Alonso, Juan Angel.
_920685
852 _aES-MaACL
_jA-5078
999 _c128249
_d128249